Loading...

Nectar in a sieve /

Bibliographic Details
Main Author: Markandaya, Kamala
Format: Printed Book
Language:English
Published: New Delhi : Penguin Books, 2007.
LEADER 00485nam a2200133Ia 4500
008 150624b xxu||||| |||| 00| 0 eng d
020 |a 9780670081424 
100 |a Markandaya, Kamala 
245 |a Nectar in a sieve /  |c Kamala Markandaya 
260 |a New Delhi :  |b Penguin Books,  |c 2007. 
300 |a 192 p. 
942 |c BK 
999 |c 57399  |d 57399 
952 |0 0  |1 0  |4 0  |6 IN_823_000000000000000_912M1_NEC  |7 0  |9 57377  |a UL  |b UL  |c ST1  |d 2012-10-27  |l 4  |m 3  |o IN 823.912M1 NEC  |p 82666  |r 2018-02-10  |s 2017-10-31  |w 2012-10-27  |y BK